Family law lectures : (Record no. 5999)
[ view plain ]
| 000 -LEADER | |
|---|---|
| fixed length control field | 00360nam a22001337a 4500 |
| 008 - FIXED-LENGTH DATA ELEMENTS--GENERAL INFORMATION | |
| fixed length control field | 150527b xxu||||| |||| 00| 0 eng d |
| 082 ## - DEWEY DECIMAL CLASSIFICATION NUMBER | |
| Edition number | 3rd |
| Classification number | 346.015 KUS |
| 245 ## - TITLE STATEMENT | |
| Title | Family law lectures : |
| Remainder of title | family law I / |
| Statement of responsibility, etc | Prof. Kusum |
| 250 ## - EDITION STATEMENT | |
| Edition statement | 3rd |
| 260 ## - PUBLICATION, DISTRIBUTION, ETC. (IMPRINT) | |
| Place of publication, distribution, etc | India : |
| Name of publisher, distributor, etc | LexisNexis , |
| Date of publication, distribution, etc | 2012 |
| 300 ## - PHYSICAL DESCRIPTION | |
| Extent | lxvi, 701p. |
| Dimensions | 24cm. |
| 500 ## - GENERAL NOTE | |
| General note | Include index |
| 942 ## - ADDED ENTRY ELEMENTS (KOHA) | |
| Source of classification or shelving scheme | Dewey Decimal Classification |
| Item type | Books |
| Withdrawn status | Lost status | Source of classification or shelving scheme | Damaged status | Not for loan | Home library | Current library | Shelving location | Date acquired | Total Checkouts | Full call number | Date last seen | Copy number | Price effective from | Koha item type |
|---|---|---|---|---|---|---|---|---|---|---|---|---|---|---|
| Dewey Decimal Classification | Law Development Centre Main Library | Law Development Centre Main Library | Text Books and Laws | 05/27/2015 | 346.015 KUS | 05/27/2015 | 001 | 05/27/2015 | Books |
